Everyday things

Bibliographic Details
Main Author: Oxlade, Chris
Format: Book
Published: London : Watts Books , 1993
Series:Technology topics
Subjects:

MARC

LEADER 00000cam a2200000 7i4500
001 0000007600
002 000008163
005 20000330.0
020 |a 0749616180 
090 0 0 |a J 600   |b OXL 
100 1 |a Oxlade, Chris 
245 1 0 |a Everyday things   |c Chris Oxlade 
260 |a London :   |b Watts Books ,   |c 1993 
300 |a 32p. :   |b ill ;   |c 25cm. 
490 0 |a Technology topics 
650 0 0 |a Juvenile literature 
999 |a 052535   |b BUKU   |c PINJAMAN   |e PERPUSTAKAAN KOMUNITI PETALING JAYA